[Event "Montevideo Trebejos op 11"]
[Site "Montevideo"]
[Date "2021.11.26"]
[Round "4"]
[White "Bianco, Rocio"]
[Black "Kulik, Nicolas"]
[Result "0-1"]
[WhiteElo "1230"]
[BlackElo "1767"]
[PlyCount "30"]
[EventDate "2021.11.15"]
[EventType "swiss"]
[EventRounds "6"]
[EventCountry "URU"]
[SourceTitle "EXT 2023"]
[Source "ChessBase"]
[SourceDate "2022.10.05"]
[SourceVersion "1"]
[SourceVersionDate "2022.10.05"]
[SourceQuality "1"]

1. d4 d5 2. Nf3 Nf6 3. Bg5 e6 4. e3 c5 5. c3 Nc6 6. Nbd2 h6 7. Bxf6 Qxf6 8. Be2 Bd7 9. Qc2 Rc8 10. 0-0 cxd4 11. exd4 Nxd4 12. Nxd4 Qxd4 13. Nf3 Qb6 14. Qd2 Bc5 15. Rfe1 Bxf2+ 0-1

[Event "Montevideo Trebejos op 11"]
[Site "Montevideo"]
[Date "2021.11.15"]
[Round "1"]
[White "Moreno, Diego"]
[Black "Bianco, Rocio"]
[Result "1-0"]
[WhiteElo "1686"]
[BlackElo "1230"]
[PlyCount "49"]
[EventDate "2021.11.15"]
[EventType "swiss"]
[EventRounds "6"]
[EventCountry "URU"]
[SourceTitle "EXT 2023"]
[Source "ChessBase"]
[SourceDate "2022.10.05"]
[SourceVersion "1"]
[SourceVersionDate "2022.10.05"]
[SourceQuality "1"]

1. e4 c6 2. d4 d5 3. Nd2 dxe4 4. Nxe4 Bf5 5. Ng3 Bg6 6. h4 h5 7. Nf3 Nd7 8. Bd3 Bxd3 9. Qxd3 Ngf6 10. Bd2 Qc7 11. 0-0 e6 12. Rfe1 Bd6 13. Ne4 Nxe4 14. Qxe4 Nf6 15. Qe2 Ng4 16. Bg5 Be7 17. Bxe7 Qxe7 18. g3 0-0-0 19. Kg2 Rd6 20. Rad1 f6 21. d5 Re8 22. dxc6 Rxc6 23. Nd4 Rd6 24. Rd3 e5 25. Nf5 1-0

[Event "Montevideo Duchamp Cup 4th"]
[Site "Montevideo"]
[Date "2020.02.09"]
[Round "2"]
[White "Lanaro, Emilio"]
[Black "Bianco, Rocio"]
[Result "1-0"]
[WhiteElo "1670"]
[BlackElo "1230"]
[PlyCount "47"]
[EventDate "2020.02.08"]
[EventType "swiss"]
[EventRounds "9"]
[EventCountry "URU"]
[SourceTitle "CBM 194 Extra"]
[Source "ChessBase"]
[SourceDate "2020.03.31"]
[SourceVersion "1"]
[SourceVersionDate "2020.03.31"]
[SourceQuality "1"]

1. e4 c6 2. d4 d5 3. e5 Bf5 4. Nf3 e6 5. Be2 Qb6 6. 0-0 c5 7. c3 Nc6 8. h3 cxd4 9. cxd4 Nge7 10. a3 h6 11. b4 Ng6 12. Be3 Be7 13. Nc3 0-0 14. Nh2 Nh4 15. g3 Bxh3 16. gxh4 Bxf1 17. Qxf1 Bxh4 18. Qg2 Bg5 19. Bxg5 hxg5 20. Qxg5 Qxd4 21. Ng4 f6 22. Nxf6+ Kf7 23. Bh5+ Ke7 24. Qxg7+ 1-0

[Event "URU-ch (Women)"]
[Site "Punta del Este"]
[Date "2019.03.29"]
[Round "1"]
[White "Bianco, Rocio"]
[Black "Silva Rosas, Natalia"]
[Result "0-1"]
[WhiteElo "1241"]
[BlackElo "1809"]
[PlyCount "112"]
[EventDate "2019.03.29"]
[EventType "swiss"]
[EventRounds "6"]
[EventCountry "URU"]
[SourceTitle "EXT 2021"]
[Source "ChessBase"]
[SourceDate "2020.10.23"]
[SourceVersion "1"]
[SourceVersionDate "2020.10.23"]
[SourceQuality "1"]

1. d4 f5 2. c4 Nf6 3. Bg5 Ne4 4. Bd2 Nxd2 5. Nxd2 g6 6. g3 Bg7 7. e3 0-0 8. Bg2 c6 9. Ne2 d6 10. 0-0 e5 11. dxe5 dxe5 12. e4 f4 13. Nf3 Qe8 14. Nc3 Na6 15. Qc2 Be6 16. b3 h6 17. Rad1 g5 18. Qe2 g4 19. Nd2 f3 20. Nxf3 gxf3 21. Bxf3 Qf7 22. Bg2 h5 23. h4 Bg4 24. f3 Be6 25. Qe3 Qg6 26. Ne2 Rad8 27. Kh2 b6 28. Qc3 Nc5 29. Qc2 Bc8 30. Rxd8 Rxd8 31. Rd1 Rxd1 32. Qxd1 Qe8 33. Nc3 Ne6 34. Bh3 Nd4 35. Bxc8 Qxc8 36. Kg2 Qf8 37. Qd3 Qa3 38. Qd2 Qe7 39. Ne2 Ne6 40. Qe3 Kh7 41. Ng1 Bh6 42. Qd3 Nc5 43. Qc3 Qd6 44. Ne2 Bd2 45. Qa1 Qd3 46. Qf1 Qc2 47. Qf2 Nd3 48. Qf1 Qxa2 49. Kh3 Qxb3 50. Kg2 Ne1+ 51. Kh3 Qxc4 52. Qf2 Nd3 53. Qg2 Be3 54. Kh2 Nf2 55. Qf1 a5 56. Qg2 Qxe2 0-1

[Event "Montevideo Nazzari Memorial"]
[Site "Montevideo"]
[Date "2019.03.25"]
[Round "7"]
[White "Bianco, Rocio"]
[Black "Kulik, Nicolas"]
[Result "0-1"]
[WhiteElo "1241"]
[BlackElo "1439"]
[PlyCount "66"]
[EventDate "2019.03.11"]
[EventType "swiss"]
[EventRounds "7"]
[EventCountry "URU"]
[SourceTitle "CBM 189 Extra"]
[Source "ChessBase"]
[SourceDate "2019.06.03"]
[SourceVersion "1"]
[SourceVersionDate "2019.06.03"]
[SourceQuality "1"]

1. d4 e6 2. c4 Nf6 3. Nc3 d5 4. cxd5 exd5 5. Nf3 Bf5 6. Bf4 Be7 7. e3 0-0 8. Be2 Re8 9. 0-0 c6 10. Qb3 Qb6 11. Qxb6 axb6 12. a3 Nbd7 13. Rfe1 c5 14. dxc5 bxc5 15. Nb5 Rac8 16. Rac1 Nf8 17. Nd6 Bxd6 18. Bxd6 Rc6 19. Bxc5 Rec8 20. Nd4 Rxc5 21. Nxf5 Rxc1 22. Ne7+ Kh8 23. Rxc1 Rxc1+ 24. Bf1 Ne4 25. g3 Nd2 26. Kg2 Rxf1 27. Nxd5 Rb1 28. b4 Ra1 29. Nc3 Rxa3 30. Nb5 Rb3 31. Nd4 Rxb4 32. Nc2 Rb2 33. Nd4 Ne4 0-1

[Event "Montevideo Nazzari Memorial"]
[Site "Montevideo"]
[Date "2019.03.18"]
[Round "4"]
[White "Fernandez Rodriguez, Antonio"]
[Black "Bianco, Rocio"]
[Result "1-0"]
[WhiteElo "1813"]
[BlackElo "1241"]
[PlyCount "129"]
[EventDate "2019.03.11"]
[EventType "swiss"]
[EventRounds "7"]
[EventCountry "URU"]
[SourceTitle "CBM 189 Extra"]
[Source "ChessBase"]
[SourceDate "2019.06.03"]
[SourceVersion "1"]
[SourceVersionDate "2019.06.03"]
[SourceQuality "1"]

1. e4 c6 2. d4 d5 3. Nc3 dxe4 4. Nxe4 Bf5 5. Ng3 Bg6 6. Bc4 e6 7. Qe2 Nf6 8. Nf3 Nbd7 9. h4 h6 10. h5 Bh7 11. Bb3 Be7 12. Ne5 Qc7 13. Nxf7 Rf8 14. Bxe6 Rxf7 15. Bxf7+ Kxf7 16. Bd2 Rf8 17. 0-0-0 Ke8 18. Rhe1 Qd6 19. Qc4 Kd8 20. a3 Nb6 21. Qe2 Re8 22. Qf3 Qd5 23. Qf4 Kc8 24. Kb1 Bg8 25. Qf5+ Kb8 26. Bf4+ Ka8 27. Qxd5 Bxd5 28. Nf5 Bf8 29. Be5 Nbd7 30. Bd6 Bxd6 31. Nxd6 Rxe1 32. Rxe1 Bxg2 33. Rg1 Bf3 34. Rxg7 Bxh5 35. Nf5 Kb8 36. Nxh6 Nb6 37. Rg5 Be2 38. Re5 Bc4 39. b3 Bf1 40. Re6 Nfd5 41. Kb2 Kc7 42. c4 Nf4 43. Re7+ Kc8 44. Rf7 Nd3+ 45. Kc3 Nc1 46. f4 Ne2+ 47. Kd3 Nc1+ 48. Kc2 Ne2 49. Nf5 Kd8 50. Kd2 Ng1 51. Ke3 Bg2 52. Rxb7 c5 53. d5 Nc8 54. Ng7 Nh3 55. Ne6+ Ke8 56. Rg7 Bf1 57. Rg8+ Kd7 58. Rd8+ Ke7 59. Rxc8 Bg2 60. Nxc5 Ng1 61. Rg8 Bh3 62. Rxg1 Bf5 63. Ne4 Kd7 64. Rg7+ Kd8 65. Nd6 1-0

[Event "Montevideo Duchamp Cup 3rd"]
[Site "Montevideo"]
[Date "2019.02.16"]
[Round "9"]
[White "Bianco, Rocio"]
[Black "Tramutolo, Gustavo"]
[Result "1-0"]
[WhiteElo "1130"]
[BlackElo "1405"]
[PlyCount "87"]
[EventDate "2019.02.09"]
[EventType "swiss"]
[EventRounds "9"]
[EventCountry "URU"]
[SourceTitle "CBM 189 Extra"]
[Source "ChessBase"]
[SourceDate "2019.06.03"]
[SourceVersion "1"]
[SourceVersionDate "2019.06.03"]
[SourceQuality "1"]

1. d4 Nf6 2. c4 e6 3. Nc3 Bb4 4. Bd2 0-0 5. a3 Be7 6. Nf3 d6 7. e3 Nbd7 8. Be2 b6 9. 0-0 Bb7 10. b4 Ne4 11. Nxe4 Bxe4 12. Bc3 Nf6 13. Bd3 d5 14. Bxe4 Nxe4 15. Qd3 f5 16. Ne5 Qe8 17. cxd5 exd5 18. Qc2 Rc8 19. f3 Nd6 20. Qb3 c6 21. Rae1 Nf7 22. Nxf7 Qxf7 23. e4 f4 24. e5 Rce8 25. Re2 Qf5 26. Rfe1 Bh4 27. Rd1 Re6 28. Be1 Qg5 29. Bxh4 Qxh4 30. h3 Rf5 31. Qc3 Rg6 32. Kh1 Rh6 33. Qe1 Qe7 34. Rc1 g5 35. g4 Rxh3+ 36. Rh2 Rxh2+ 37. Kxh2 Rf8 38. Rxc6 h5 39. gxh5 Qe8 40. Rg6+ Kh7 41. Rxg5 Rg8 42. Qh4 Qc8 43. Rxg8 Qc2+ 44. Rg2 1-0

[Event "Montevideo Duchamp Cup 3rd"]
[Site "Montevideo"]
[Date "2019.02.11"]
[Round "4"]
[White "Bianco, Rocio"]
[Black "Pereira, Gerardo"]
[Result "1-0"]
[WhiteElo "1130"]
[BlackElo "1348"]
[PlyCount "77"]
[EventDate "2019.02.09"]
[EventType "swiss"]
[EventRounds "9"]
[EventCountry "URU"]
[SourceTitle "CBM 188 Extra"]
[Source "ChessBase"]
[SourceDate "2019.02.26"]
[SourceVersion "1"]
[SourceVersionDate "2019.02.26"]
[SourceQuality "1"]

1. d4 Nf6 2. c4 c6 3. Nf3 e6 4. Nc3 Be7 5. e4 Bb4 6. Bd2 Bxc3 7. Bxc3 Nxe4 8. Qc2 Nxc3 9. Qxc3 Qf6 10. Rc1 d6 11. Bd3 Nd7 12. a3 b6 13. b4 Bb7 14. 0-0 0-0 15. Qc2 g6 16. Rfe1 Rfe8 17. Qd2 c5 18. Be2 Rac8 19. dxc5 bxc5 20. Qxd6 Bxf3 21. Bxf3 Qe7 22. Qxe7 Rxe7 23. bxc5 Nxc5 24. Red1 Rec7 25. Be2 Rd7 26. Rxd7 Nxd7 27. Kf1 Rc5 28. f3 Nb6 29. Kf2 Kg7 30. Ke3 e5 31. Kd3 Kf6 32. Ke4 Ke6 33. g3 f5+ 34. Kd3 f4 35. gxf4 Nd5 36. cxd5+ Rxd5+ 37. Ke3 exf4+ 38. Kxf4 Kd6 39. Rd1 1-0

[Event "Montevideo Duchamp Cup 3rd"]
[Site "Montevideo"]
[Date "2019.02.10"]
[Round "2"]
[White "Bianco, Rocio"]
[Black "Pelaez, Diego"]
[Result "0-1"]
[WhiteElo "1130"]
[BlackElo "1672"]
[PlyCount "86"]
[EventDate "2019.02.09"]
[EventType "swiss"]
[EventRounds "9"]
[EventCountry "URU"]
[SourceTitle "CBM 188 Extra"]
[Source "ChessBase"]
[SourceDate "2019.02.26"]
[SourceVersion "1"]
[SourceVersionDate "2019.02.26"]
[SourceQuality "1"]

1. d4 Nf6 2. c4 g6 3. Nc3 Bg7 4. e4 d6 5. Nf3 0-0 6. Bd3 Nbd7 7. 0-0 e5 8. d5 Nc5 9. Be3 Nxd3 10. Qxd3 h6 11. a3 Ng4 12. Bd2 f5 13. h3 Nf6 14. b4 fxe4 15. Nxe4 Nxe4 16. Qxe4 Bf5 17. Qe3 Qf6 18. Bc3 Bxh3 19. gxh3 Qxf3 20. Qxf3 Rxf3 21. Bd2 Rxh3 22. Rfe1 Rh4 23. Rac1 Rd4 24. Be3 Rd3 25. Ra1 a5 26. Kg2 e4 27. Rad1 Rxa3 28. bxa5 R3xa5 29. f3 exf3+ 30. Kxf3 Rf8+ 31. Kg2 Ra2+ 32. Kg3 Be5+ 33. Kh3 Rh2+ 34. Kg4 Rg2+ 35. Kh3 Rg3+ 36. Kh2 Rxe3+ 37. Kg2 Rg3+ 38. Kh1 Rf4 39. Re2 Rxc4 40. Rg1 Rh4+ 41. Rh2 Rxh2+ 42. Kxh2 Rxg1+ 43. Kxg1 b5 0-1

[Event "Montevideo Trebejos Verano op"]
[Site "Montevideo"]
[Date "2019.02.01"]
[Round "7"]
[White "Bianco, Rocio"]
[Black "Castagnet, Carlos"]
[Result "0-1"]
[WhiteElo "1130"]
[BlackElo "1678"]
[PlyCount "86"]
[EventDate "2019.01.18"]
[EventType "swiss"]
[EventRounds "7"]
[EventCountry "URU"]
[SourceTitle "CBM 188 Extra"]
[Source "ChessBase"]
[SourceDate "2019.02.26"]
[SourceVersion "1"]
[SourceVersionDate "2019.02.26"]
[SourceQuality "1"]

1. d4 d5 2. c4 Bf5 3. Nc3 Nf6 4. Nf3 e6 5. a3 Be7 6. Bf4 c6 7. e3 Nbd7 8. cxd5 exd5 9. Be2 Ne4 10. 0-0 0-0 11. Qc2 Nxc3 12. Qxc3 Nf6 13. Bd3 Bxd3 14. Qxd3 Ne4 15. Nd2 Nxd2 16. Qxd2 Bd6 17. Bxd6 Qxd6 18. Rac1 Rfe8 19. Rfe1 Re6 20. h3 Rae8 21. Re2 Qe7 22. Rce1 Qg5 23. f4 Qg3 24. Rf2 Rxe3 25. Rxe3 Qxe3 26. Qxe3 Rxe3 27. Rd2 f5 28. Kf2 Re4 29. Kf3 Kf7 30. Rd3 Ke7 31. Re3 Kd6 32. Rd3 g6 33. b4 b6 34. g3 c5 35. bxc5+ bxc5 36. dxc5+ Kxc5 37. Kf2 Kc4 38. Rd2 d4 39. Kf1 Re3 40. Kf2 Rxa3 41. Kg2 d3 42. Kf1 Kc3 43. Rd1 Ra2 0-1

[Event "Montevideo Trebejos Verano op"]
[Site "Montevideo"]
[Date "2019.01.30"]
[Round "6"]
[White "Souto, Andres"]
[Black "Bianco, Rocio"]
[Result "0-1"]
[WhiteElo "1316"]
[BlackElo "1130"]
[PlyCount "100"]
[EventDate "2019.01.18"]
[EventType "swiss"]
[EventRounds "7"]
[EventCountry "URU"]
[SourceTitle "CBM 188 Extra"]
[Source "ChessBase"]
[SourceDate "2019.02.26"]
[SourceVersion "1"]
[SourceVersionDate "2019.02.26"]
[SourceQuality "1"]

1. e4 c6 2. Nf3 d5 3. exd5 cxd5 4. d4 Bf5 5. Be2 Nf6 6. Nc3 e6 7. Bg5 Be7 8. Nh4 Bg6 9. Nxg6 hxg6 10. Bf3 Nc6 11. Ne2 Qc7 12. Bf4 Bd6 13. Bxd6 Qxd6 14. g3 0-0-0 15. c3 Rh7 16. Qd2 Rdh8 17. h4 g5 18. 0-0-0 gxh4 19. gxh4 Rxh4 20. Rxh4 Rxh4 21. Rh1 Rxh1+ 22. Bxh1 Qh2 23. Ng3 Qh8 24. b3 Qd8 25. Kb2 Qb6 26. Bf3 Ne8 27. Nf1 Nd6 28. Ne3 Na5 29. Be2 Nac4+ 30. Nxc4 Nxc4+ 31. Bxc4 dxc4 32. b4 a5 33. a3 Qb5 34. Qc2 a4 35. Qh7 Qf5 36. Qxf5 exf5 37. Kc2 Kd7 38. Kd2 Ke6 39. f4 f6 40. Ke3 g5 41. fxg5 fxg5 42. Kf3 Kd5 43. Ke3 g4 44. Kf4 b5 45. Ke3 g3 46. Kf3 f4 47. Kg2 Ke4 48. Kf1 f3 49. Kg1 Ke3 50. d5 Ke2 0-1

[Event "South America School 24th"]
[Site "Arequipa"]
[Date "2018.12.04"]
[Round "4.2"]
[White "Pescoran Machaca, Mariabelen Isabel"]
[Black "Bianco, Rocio"]
[Result "1-0"]
[WhiteElo "1461"]
[BlackElo "1130"]
[PlyCount "62"]
[EventDate "2018.12.03"]
[EventType "team-swiss"]
[EventRounds "9"]
[EventCountry "PER"]
[SourceTitle "EXT 2024"]
[Source "ChessBase"]
[SourceDate "2023.10.10"]
[SourceVersion "1"]
[SourceVersionDate "2023.10.10"]
[SourceQuality "1"]
[WhiteTeam "Peru U14"]
[BlackTeam "Uruguay U14"]
[WhiteTeamCountry "PER"]
[BlackTeamCountry "URU"]

1. d4 Nf6 2. c4 e5 3. dxe5 Ng4 4. Nf3 Nc6 5. Bf4 Bb4+ 6. Nbd2 Qe7 7. a3 Ngxe5 8. Nxe5 Nxe5 9. Bxe5 Bxd2+ 10. Qxd2 Qxe5 11. e3 0-0 12. Bd3 d6 13. 0-0 Be6 14. Qc2 Qh5 15. Rac1 Rac8 16. h3 g6 17. b4 Qg5 18. Kh1 Rfd8 19. f4 Qh6 20. f5 Bd7 21. Rf3 Bc6 22. Rg3 Rd7 23. b5 Bxg2+ 24. Qxg2 Qf8 25. fxg6 hxg6 26. Bf5 Rcd8 27. Bxd7 Rxd7 28. Rf1 Qh6 29. Qxb7 Re7 30. Qxa7 Kh7 31. Qd4 Kg8 1-0

[Event "South America School 24th"]
[Site "Arequipa"]
[Date "2018.12.03"]
[Round "1.2"]
[White "Bianco, Rocio"]
[Black "Kaslan, Victoria"]
[Result "0-1"]
[WhiteElo "1130"]
[BlackElo "1399"]
[PlyCount "54"]
[EventDate "2018.12.03"]
[EventType "team-swiss"]
[EventRounds "9"]
[EventCountry "PER"]
[SourceTitle "EXT 2024"]
[Source "ChessBase"]
[SourceDate "2023.10.10"]
[SourceVersion "1"]
[SourceVersionDate "2023.10.10"]
[SourceQuality "1"]
[WhiteTeam "Uruguay U14"]
[BlackTeam "Surinam U14"]
[WhiteTeamCountry "URU"]
[BlackTeamCountry "SUR"]

1. d4 Nf6 2. c4 g6 3. Nc3 Bg7 4. Nf3 0-0 5. e4 d6 6. Be2 e5 7. Be3 Nc6 8. 0-0 Ne7 9. Qd2 Ng4 10. Rfd1 Nxe3 11. Qxe3 Nc6 12. dxe5 Nxe5 13. Nxe5 Bxe5 14. Rd3 Be6 15. b3 f5 16. Rc1 fxe4 17. Nxe4 Bf4 18. Qd4 Bxc1 19. Qc3 Bh6 20. Bf3 Qe7 21. Qb2 Bf5 22. Qe2 Rae8 23. Rd4 Qe5 24. Rd1 Bxe4 25. Bxe4 Qxe4 26. Qxe4 Rxe4 27. h3 Re2 0-1

[Event "URU-ch (Women)"]
[Site "Punta del Este"]
[Date "2018.03.03"]
[Round "2"]
[White "Umpierrez, Melina"]
[Black "Bianco, Rocio"]
[Result "1/2-1/2"]
[WhiteElo "1080"]
[BlackElo "1173"]
[PlyCount "49"]
[EventDate "2018.03.02"]
[EventType "swiss"]
[EventRounds "6"]
[EventCountry "URU"]
[SourceTitle "EXT 2021"]
[Source "ChessBase"]
[SourceDate "2020.10.23"]
[SourceVersion "1"]
[SourceVersionDate "2020.10.23"]
[SourceQuality "1"]

1. d4 Nf6 2. c4 e5 3. dxe5 Ng4 4. Bf4 Nc6 5. Nf3 Bb4+ 6. Nbd2 Qe7 7. a3 Ngxe5 8. Nxe5 Nxe5 9. Bxe5 Bxd2+ 10. Qxd2 Qxe5 11. e3 0-0 12. Be2 d6 13. 0-0 Bd7 14. Rac1 Rac8 15. Qc3 Qxc3 16. Rxc3 c6 17. Rfc1 d5 18. cxd5 cxd5 19. Rxc8 Rxc8 20. Rxc8+ Bxc8 21. Kf1 Kf8 22. Ke1 Ke7 23. Kd2 Kf6 24. Kd3 Bf5+ 25. Kd4 1/2-1/2

[Event "Montevideo Duchamp Cup 2nd"]
[Site "Montevideo"]
[Date "2018.02.03"]
[Round "2"]
[White "Dominguez Orono, Walter"]
[Black "Bianco, Rocio"]
[Result "1-0"]
[WhiteElo "1676"]
[BlackElo "1240"]
[PlyCount "77"]
[EventDate "2018.02.02"]
[EventType "swiss"]
[EventRounds "9"]
[EventCountry "URU"]
[SourceTitle "CBM 182 Extra"]
[Source "ChessBase"]
[SourceDate "2018.02.23"]
[SourceVersion "1"]
[SourceVersionDate "2018.02.23"]
[SourceQuality "1"]

1. e4 c6 2. d4 d5 3. Nc3 dxe4 4. Nxe4 Bf5 5. Ng3 Bg6 6. h4 h6 7. N1e2 e6 8. Nf4 Bh7 9. Bd3 Bxd3 10. Qxd3 Nf6 11. Be3 Bd6 12. 0-0-0 Nbd7 13. Ne4 Nxe4 14. Qxe4 Qc7 15. Nxe6 fxe6 16. Qxe6+ Kd8 17. Rhe1 Re8 18. Bg5+ Be7 19. Bxe7+ Rxe7 20. Qxe7+ Kc8 21. Qxg7 b6 22. Re7 Qd8 23. Rde1 Qc7 24. Re8+ Kb7 25. Rxa8 Kxa8 26. Re8+ Kb7 27. Re7 Kc8 28. Rxd7 Qxd7 29. Qxd7+ Kxd7 30. Kd2 Ke6 31. Ke3 Kf5 32. f3 a5 33. g4+ Kf6 34. Kf4 Ke6 35. g5 hxg5+ 36. hxg5 Kf7 37. Ke5 Kg6 38. f4 Kf7 39. f5 1-0